| 000 | 01095nam a2200205Ia 4500 | ||
|---|---|---|---|
| 001 | a1555-39763 | ||
| 003 | IT-MiCISF | ||
| 008 | 161014s9999||||xx |||||||||||||| ||und|| | ||
| 040 |
_aIT-MiCISF _cIT-MiCISF |
||
| 041 | _ait | ||
| 100 | _aSullivan Karen | ||
| 245 | 0 | _aBambini sotto pressione | |
| 250 | _a1a ed. | ||
| 260 |
_a Milano _bTea _c2003 [Edizione originale: 2002] |
||
| 300 | _app. 280 | ||
| 500 | _a / infanzia, stress, famiglia, salute, cura / Nell'ultimo decennio il "mestiere di bambino" è cambiato e si è trasformato in una sequenza rigorosa di attività obbligatorie e impegnative, che alla lunga possono minacciare la salute emotiva e fisica dei ragazzi. Sottoposti a forti pressioni, sperimentano spesso i disturbi tipici dello stress degli adulti (depressione, ansia, disordini alimentari). Il volume indaga i motivi di tale cambiamento, affronta i problemi che affliggono i piccoli e offre consigli su ciò che serve per farli diventare adulti sani ed emotivamente stabili. | ||
| 650 |
_a Infanzia / età-evolutiva _e008 |
||
| 942 | _cBK | ||
| 957 | _71 | ||
| 999 |
_a39763 _bsi _g1 _c217666 _d217666 |
||